<?xml version="1.0" encoding="UTF-8"?>
<record
    xmlns:xsi="http://www.w3.org/2001/XMLSchema-instance"
    xsi:schemaLocation="http://www.loc.gov/MARC21/slim http://www.loc.gov/standards/marcxml/schema/MARC21slim.xsd"
    xmlns="http://www.loc.gov/MARC21/slim">

  <leader>00537nam a22001697a 4500</leader>
  <controlfield tag="008">150124e2014    M   |||| |||| 00| 0 spa d</controlfield>
  <datafield tag="050" ind1=" " ind2=" ">
    <subfield code="a">RC341 V53 2014</subfield>
  </datafield>
  <datafield tag="100" ind1=" " ind2=" ">
    <subfield code="a">SALLES, Arleen </subfield>
    <subfield code="e">autor</subfield>
  </datafield>
  <datafield tag="245" ind1=" " ind2="1">
    <subfield code="a">La Vida Social del Cerebro </subfield>
    <subfield code="c">Arlleen Salles</subfield>
  </datafield>
  <datafield tag="260" ind1=" " ind2=" ">
    <subfield code="a">M&#xE9;xico </subfield>
    <subfield code="b">:Fontamara </subfield>
    <subfield code="c">, 2014</subfield>
  </datafield>
  <datafield tag="300" ind1=" " ind2=" ">
    <subfield code="a">217 p&#xE1;ginas</subfield>
  </datafield>
  <datafield tag="440" ind1=" " ind2=" ">
    <subfield code="a">Derecho, Salud y Bio&#xE9;tica </subfield>
  </datafield>
  <datafield tag="650" ind1=" " ind2=" ">
    <subfield code="a">1.	NEUROCIENCIAS -- FILOSOF&#xCD;A     </subfield>
  </datafield>
  <datafield tag="650" ind1=" " ind2=" ">
    <subfield code="a">. NEUROCIENCIAS -- ASPECTOS MORALES Y &#xC9;TICOS  </subfield>
  </datafield>
  <datafield tag="700" ind1=" " ind2=" ">
    <subfield code="a">KATHINKA, Evers</subfield>
    <subfield code="e">cordiandora</subfield>
  </datafield>
  <datafield tag="942" ind1=" " ind2=" ">
    <subfield code="c">LB</subfield>
  </datafield>
  <datafield tag="952" ind1=" " ind2=" ">
    <subfield code="0">0</subfield>
    <subfield code="1">0</subfield>
    <subfield code="4">0</subfield>
    <subfield code="7">0</subfield>
    <subfield code="a">22</subfield>
    <subfield code="b">22</subfield>
    <subfield code="d">2015-01-24</subfield>
    <subfield code="l">3</subfield>
    <subfield code="o">RC341 V53 2014</subfield>
    <subfield code="p">22 000883</subfield>
    <subfield code="r">2018-08-18</subfield>
    <subfield code="s">2018-08-18</subfield>
    <subfield code="t">1</subfield>
    <subfield code="w">2015-01-24</subfield>
    <subfield code="y">LB</subfield>
  </datafield>
  <datafield tag="952" ind1=" " ind2=" ">
    <subfield code="0">0</subfield>
    <subfield code="1">0</subfield>
    <subfield code="2">lcc</subfield>
    <subfield code="4">0</subfield>
    <subfield code="7">0</subfield>
    <subfield code="a">22</subfield>
    <subfield code="b">22</subfield>
    <subfield code="d">2015-01-24</subfield>
    <subfield code="l">1</subfield>
    <subfield code="o">RC341 V53 2014</subfield>
    <subfield code="p">22 000884</subfield>
    <subfield code="r">2023-07-20</subfield>
    <subfield code="s">2019-04-04</subfield>
    <subfield code="t">2</subfield>
    <subfield code="w">2015-01-24</subfield>
    <subfield code="y">LB</subfield>
  </datafield>
  <datafield tag="999" ind1=" " ind2=" ">
    <subfield code="c">95693</subfield>
    <subfield code="d">95693</subfield>
  </datafield>
</record>
